000 02401nam a2200373 a 4500
001 ebr5004430
003 CaPaEBR
006 m u
007 cr cn|||||||||
008 960717s1997 ctu sb 011 0 eng
010 _z 96027389
020 _z031329304X (alk. paper)
040 _aCaPaEBR
_cCaPaEBR
035 _a(OCoLC)50025566
050 1 4 _aF209.5
_b.M98 1997eb
082 0 4 _a975
_220
245 0 2 _aA mythic land apart
_h[electronic resource] :
_breassessing Southerners and their history /
_cedited by John David Smith and Thomas H. Appleton, Jr.
260 _aWestport, Conn :
_bGreenwood Press,
_c1997.
300 _aviii, 206 p.
490 1 _aContributions in American history,
_x0084-9219 ;
_vno. 173
500 _aPublished in honor of Charles Pierce Roland.
504 _a"Selected bibliography of Charles Pierce Roland": p. [191]-195.
504 _aIncludes bibliographical references and index.
505 0 _tThe immigrant influence in the colonial South : the case of Philip Mazzei/
_rJason H. Silverman--
_t"Moral suasion has had its day" : from temperance to prohibition in antebellum Kentucky/
_rThomas H. Appleton, Jr.--
_tMedical education in the South : the case of Louisville, 1837-1910/
_rDwayne Cox--
_tCompromiser or conspirator? : Henry Clay and the Graves-Cilley duel/
_rMelba Porter Hay--
_tThe slave insurrection panic of 1860 and southern secession/
_rDonald E. Reynolds--
_tLessons in generalship : Robert E. Lee's military legacy for the twenty-first century/
_rCarol Reardon--
_t"No negro is upon the program" : blacks and the Montgomery Race Conference of 1900/
_rJohn David Smith--
_tThe gavel and the sword : experiences shaping the life of John Sherman Cooper/
_rRichard C. Smoot--
_tHollywood and the mythic land apart, 1988-1991/
_rRoger A. Fisher.
533 _aElectronic reproduction.
_bPalo Alto, Calif. :
_cebrary,
_d2013.
_nAvailable via World Wide Web.
_nAccess may be limited to ebrary affiliated libraries.
651 0 _aSouthern States
_xHistory.
655 7 _aElectronic books.
_2local
700 1 _aSmith, John David,
_d1949-
700 1 _aAppleton, Thomas H.,
_d1950-
700 1 _aRoland, Charles Pierce,
_d1918-
710 2 _aebrary, Inc.
830 0 _aContributions in American history ;
_vno. 173.
856 4 0 _uhttp://site.ebrary.com/lib/rucke/Doc?id=5004430
_zAn electronic book accessible through the World Wide Web; click to view
999 _c15764
_d15764